000 00674nam a2200217Ii 4500
003 JO-AjNU
008 230605s9999||||xx |||||||||||||| ||und||
017 _a1998/1/127
040 _aJO-AjNU
_bara
_erda
_cJO-AjNU
041 _aara
050 1 4 _aT58.6.S22.1998
100 3 _aغالب ، ياسين,
_eauthor
_929758
245 0 0 _aنظم المعلومات الادارية
250 _aط1
264 3 1 _aعمان:دار اليازوري,1998
300 _a204ص
336 _atext
_btxt
_2rdacontent
337 _aunmediated
_bn
_2rdamedia
338 _avolume
_bnc
_2rdacarrier
650 4 _aالادارة العليا-المعلومات الادارية
_929759
999 _aA11713
_c15281
_d15281